| 000 | 00510nam a2200157 a 4500 | ||
|---|---|---|---|
| 001 | 000031053 | ||
| 005 | 20200930062656.0 | ||
| 008 | 110613s2004 dr ac 000 0 spa d | ||
| 040 |
_aDO-SdBNP _bspa _cBNPHU |
||
| 082 |
_axxxx _bR426c |
||
| 110 | 1 |
_aRepública Dominicana. _bSecretaría de Estado de las Fuerzas Armadas _957534 |
|
| 245 | 1 | 0 | _aComando especial antiterrorista. |
| 260 |
_aSanto Domigo : _bSecretaría de Estado de las Fuerzas Armadas, _c[200?]. |
||
| 300 |
_a11 p. : _bil., retrs. |
||
| 049 | _aBNPD | ||
| 999 |
_c30545 _d30545 |
||